Municipios de Ourense en un mapa - Estadísticas

Estadísticas generales
  • Esta prueba ha sido intentada 72 veces
  • La puntuación promedio es 59 de 92
Respuestas en el mapa
Las respuestas están codificadas por una escala verde-roja en el mapa de la prueba según el % correcto abajo.
 
Estadísticas de respuestas
Respuesta % Correcto
Ourense
100%
Verin
100%
A Rúa
89%
Barbadás
89%
O Barco de Valdeorras
89%
O Carballiño
89%
Parada de Sil
89%
Xinzo de Limia
89%
A Arnoia
78%
A Bola
78%
Allariz
78%
A Peroxa
78%
A Veiga
78%
Avión
78%
Boborás
78%
Carballeda de Avia
78%
Celanova
78%
Chandrexa de Queixa
78%
Cualedro
78%
Lobios
78%
Maceda
78%
Manzaneda
78%
Maside
78%
Melón
78%
Nogueira de Ramuín
78%
O Bolo
78%
Ribadavia
78%
Villariño de Conso
78%
A Mezquita
67%
A Pobra de Trives
67%
Beade
67%
Beariz
67%
Calvos de Randín
67%
Carballeda de Valdeorras
67%
Cortegada
67%
Laza
67%
Leiro
67%
Monterrei
67%
Paderne de Allariz
67%
Piñor
67%
Punxín
67%
San Amaro
67%
San Cibrao das Viñas
67%
San Cristovo de Cea
67%
San Xoán de Río
67%
Toén
67%
Trasmiras
67%
Vilamarín
67%
Vilar de Barrio
67%
Vilar de Santos
67%
Vilardevós
67%
Villamartín de Valdeorras
67%
A Gudiña
56%
A Merca
56%
A Teixeira
56%
Bande
56%
Baños de Molgas
56%
Cartelle
56%
Castrelo de Miño
56%
Castrelo do Val
56%
Castro Caldelas
56%
Cenlle
56%
Coles
56%
Entrimo
56%
Muiños
56%
Oimbra
56%
O Irixo
56%
O Pereiro de Aguiar
56%
Os Blancos
56%
Padrenda
56%
Petín
56%
Porqueira
56%
Quintela de Leirado
56%
Ramirás
56%
Riós
56%
Rubiá
56%
Sandías
56%
Sarreaus
56%
Taboadela
56%
Xunqueira de Ambía
56%
Xunqueira de Espadanedo
56%
Amoeiro
44%
Baltar
44%
Esgos
44%
Larouco
44%
Montederramo
44%
Pontedeva
44%
Rairiz de Veiga
44%
Verea
44%
Gomesende
33%
Lobeira
11%
Viana do Bolo
11%
No se encontraron pruebas coincidentes
Distribución de puntuación
Porcentaje de gente con cada puntuación
Porcentaje por número respondido
Historial de tus puntuaciones
No has intentado esta prueba.